Quiz Albi - Statistiques

Statistiques générales
  • Ce quiz a été pris 263 fois
  • Le résultat moyen est 4 sur 5
Statistiques - réponses
Hint Réponse % Correct
De quel département Albi est-t-elle la préfecture ? Tarn
98%
Dans quel région Albi est-elle située ? Occitanie
97%
Quelle est le nom de la cathédrale en brique d'Albi ? Sainte-Cécile
83%
Quel est l'acronyme pour designer le club de rugby de Albi ? SCA
69%
Quel ancien président de la république a fait une partie de ses études à Albi ? Georges Pompidou
55%
Aucun quiz correspondant
Distribution des résultats
% des personnes avec chaque résultat
Percentile par nombre de réponses
Votre historique - résultats
Vous n’avez pas pris ce quiz